00225nam a2200097Ia 4500008004100000100001300041245004200054260000900096942000700105999001500112190216s9999||||xx |||||||||||||| ||und|| aDavar Ns 0aPractical Book Keeping And Accounting bNull cBK c3861d3861